Top 30 - Voitures les plus vendues France 2022 - Statistiques

Statistiques générales
  • Ce quiz a été pris 1 099 fois
  • Le résultat moyen est 12 sur 30
Statistiques - réponses
#0 Marque Ventes Modèle % Correct
3 RENAULT 29 032 Clio
90%
2 PEUGEOT 31 576 208
88%
1 DACIA 54 755 Sandero
88%
15 FIAT 12 645 500
83%
4 DACIA 25 182 Duster
83%
9 CITROEN 16 816 C3
77%
26 PEUGEOT 6 906 3008
76%
18 PEUGEOT 10 998 308
71%
17 RENAULT 11 500 Megane
68%
19 VOLKSWAGEN 10 853 Polo
68%
8 TOYOTA 17 592 Yaris
67%
6 PEUGEOT 19 120 2008
65%
7 RENAULT 17 826 Twingo
48%
5 RENAULT 24 774 Captur
42%
16 TESLA 12 504 Model 3
33%
28 TESLA 6 561 Model Y
30%
20 MINI COOPER 10 470 Mini
25%
24 RENAULT 8 343 Zoé
24%
30 KIA 5 851 Sportage
18%
22 VOLKSWAGEN 8 562 T-Roc
16%
13 RENAULT 13 306 Arkana
15%
11 DACIA 16 526 Spring
13%
12 FORD 14 402 Puma
12%
14 DACIA 12 785 Jogger
9%
29 VOLKSWAGEN 5 996 T-Cross
9%
25 HYUNDAI 7 873 Tucson
9%
23 HYUNDAI 8 557 Kona
6%
21 CITROEN 8 929 C3 Aircross
5%
10 TOYOTA 16 774 Yaris Cross
4%
27 TOYOTA 6 636 Aygo X
2%
Aucun quiz correspondant
Distribution des résultats
% des personnes avec chaque résultat
Percentile par nombre de réponses
Votre historique - résultats
Vous n’avez pas pris ce quiz